مكتبة جامعة عجلون الوطنية

فهرس بحث المكتبة

موسوعة تاريخ اوروبا الحديث والمعاصر من الثورة الفرنسية الى الحرب العالمية الاولى (1789-1914)ج 3-4 (Record no. 30775)

MARC details
000 -LEADER
fixed length control field 01013nam a2200229Ii 4500
003 - CONTROL NUMBER IDENTIFIER
control field JO-AjNU
008 - FIXED-LENGTH DATA ELEMENTS--GENERAL INFORMATION
fixed length control field 230605s9999||||xx |||||||||||||| ||und||
017 ## - COPYRIGHT OR LEGAL DEPOSIT NUMBER
Copyright or legal deposit number 2004/5/1050
040 ## - CATALOGING SOURCE
Original cataloging agency JO-AjNU
Language of cataloging ara
Description conventions rda
Transcribing agency JO-AjNU
041 ## - LANGUAGE CODE
Language code of text/sound track or separate title ara
050 14 - LIBRARY OF CONGRESS CALL NUMBER
Classification number D208.Z296.2009
100 3# - MAIN ENTRY--PERSONAL NAME
Personal name تأليف: الزيدي،مفيد,
Relator term author
9 (RLIN) 60348
245 00 - TITLE STATEMENT
Title موسوعة تاريخ اوروبا الحديث والمعاصر من الثورة الفرنسية الى الحرب العالمية الاولى (1789-1914)ج 3-4
250 ## - EDITION STATEMENT
Edition statement الطبعة الثالثة
264 31 - PRODUCTION, PUBLICATION, DISTRIBUTION, MANUFACTURE, AND COPYRIGHT NOTICE
Place of production, publication, distribution, manufacture عمان: دار اسامة للنشر والتوزيع، 2009
300 ## - PHYSICAL DESCRIPTION
Extent ج3-4 528ص
Other physical details ويحتوي على قائمة مراجع وهوامش من ص1177ص- 1184ص
336 ## - CONTENT TYPE
Content type term text
Content type code txt
Source rdacontent
337 ## - MEDIA TYPE
Media type term unmediated
Media type code n
Source rdamedia
338 ## - CARRIER TYPE
Carrier type term volume
Carrier type code nc
Source rdacarrier
490 0# - SERIES STATEMENT
Series statement موسوعة تاريخ اوروبا الحديث والمعاصر
650 #4 - SUBJECT ADDED ENTRY--TOPICAL TERM
Topical term or geographic name entry element العصر الحديث -اوروبا-تاريخ
9 (RLIN) 60349
Holdings
Withdrawn status Lost status Source of classification or shelving scheme Damaged status Not for loan Home library Current library Shelving location Date acquired Total Checkouts Full call number Barcode Date last seen Price effective from Koha item type
    Library of Congress Classification     مكتبة جامعة عجلون الوطنية مكتبة جامعة عجلون الوطنية المراجع 06/06/2023   D208.Z296.2009 A27207 06/06/2023 06/06/2023 Reference